[Event "Toronto-ch"]
[Site "Toronto"]
[Date "2001.01.12"]
[Round "2"]
[White "Miller, Evgeny"]
[Black "Campbell, Brett"]
[Result "0-1"]
[WhiteElo "2083"]
[BlackElo "2240"]
[PlyCount "150"]
[EventDate "2001.??.??"]
[EventType "tourn"]
[EventRounds "11"]
[EventCountry "CAN"]
[SourceTitle "EXT 2003"]
[Source "ChessBase"]
[SourceDate "2002.11.25"]
[SourceVersion "1"]
[SourceVersionDate "2002.11.25"]
[SourceQuality "1"]

1. d4 Nf6 2. c4 d6 3. Nc3 Nbd7 4. e4 e5 5. Nf3 c6 6. Be2 Be7 7. 0-0 a5 8. b3 0-0 9. Bb2 Re8 10. Qc2 Qc7 11. Rfd1 Nf8 12. Rac1 Ng6 13. g3 b6 14. Na4 c5 15. dxe5 dxe5 16. Nc3 Nd7 17. Nd5 Qb8 18. Rd2 Ra7 19. a4 Ndf8 20. h4 f6 21. Rcd1 Ne6 22. Bf1 Nd4 23. Qd3 Bd6 24. Re1 Ne7 25. Bg2 Nxd5 26. exd5 Nxf3+ 27. Qxf3 f5 28. Bh3 Rf7 29. Rde2 e4 30. Qg2 h5 31. f3 Bxg3 32. Rf1 e3 33. Bc1 Qf4 34. Kh1 Bxh4 35. Rg1 g5 36. Rf1 Rfe7 37. Bb2 Bf2 38. Bf6 Bh4 39. Rg1 Rg7 40. Bxg7 Kxg7 41. Rf1 Bg3 42. Rg1 h4 43. Qf1 Kg6 44. Reg2 Qe5 45. Qe2 Rd8 46. Rd1 Rd6 47. Rd3 Bf4 48. Qe1 Kh5 49. Re2 Bd7 50. Rdxe3 Bxe3 51. Rxe3 Qg3 52. Qxg3 hxg3 53. Re7 Kg6 54. Bf1 Kf6 55. Re1 f4 56. Bd3 Kf7 57. Re2 Rh6+ 58. Kg1 Rh2 59. Re1 Rd2 60. Bh7 Bh3 61. Be4 Kf6 62. Bb1 Rg2+ 63. Kh1 Rf2 64. Kg1 Rxf3 65. Be4 Re3 66. Rxe3 fxe3 67. Bd3 Ke5 68. Bf1 Bg4 69. Kg2 e2 70. Bxe2 Bxe2 71. Kxg3 Bd1 72. Kh3 Bxb3 73. Kg4 Bxc4 74. Kxg5 Bxd5 75. Kg4 Bc6 0-1

[Event "Toronto-ch"]
[Site "Toronto"]
[Date "2001.01.10"]
[Round "1"]
[White "Mitrovic, Bojana"]
[Black "Miller, Evgeny"]
[Result "1-0"]
[WhiteElo "2098"]
[BlackElo "2083"]
[PlyCount "67"]
[EventDate "2001.??.??"]
[EventType "tourn"]
[EventRounds "11"]
[EventCountry "CAN"]
[SourceTitle "EXT 2003"]
[Source "ChessBase"]
[SourceDate "2002.11.25"]
[SourceVersion "1"]
[SourceVersionDate "2002.11.25"]
[SourceQuality "1"]

1. Nf3 d5 2. g3 Nf6 3. Bg2 c6 4. 0-0 Bf5 5. b3 e6 6. c4 Nbd7 7. d3 Be7 8. Bb2 0-0 9. Nbd2 a5 10. a3 Rb8 11. Rc1 b5 12. Nd4 Qb6 13. cxd5 cxd5 14. Rc6 Qb7 15. Nxf5 exf5 16. Qc2 Bd8 17. Nf3 Re8 18. Rc1 Bb6 19. Bd4 Rbd8 20. Bxb6 Nxb6 21. Nd4 f4 22. Nxb5 fxg3 23. hxg3 Nc8 24. Nd4 Qe7 25. Nf5 Qd7 26. Bh3 Qb7 27. Rxc8 Rxc8 28. Qxc8 Qxb3 29. Qc3 Qb6 30. Qc7 Qb2 31. Nd6 Rf8 32. Qxf7+ Rxf7 33. Rc8+ Rf8 34. Be6+ 1-0